| 000 | 00780nam a2200253 4500 | ||
|---|---|---|---|
| 003 | OSt | ||
| 005 | 20260530113852.0 | ||
| 008 | 260507b2007 |||ao||| |||| 00| 0 eng d | ||
| 040 |
_aICI _bspa _cICI |
||
| 050 |
_aND1488 _bS88 |
||
| 100 | 1 |
_aEldridge, Kiki _931288 |
|
| 245 | 1 | 0 |
_aComplete Color Harmony WorkBook: _bA Workbook and Guide to Creative Color Combinations |
| 264 | 1 |
_bRockport Publishers _c2007 _aSingapor |
|
| 300 | _a224 páginas | ||
| 336 |
_atexto _2rdacontent |
||
| 337 |
_asin medio _2rdamedia |
||
| 338 |
_avolumen _2rdacarrier |
||
| 650 |
_aColor en el diseño _931289 |
||
| 650 |
_aTeoría del color _931290 |
||
| 650 |
_aCombinación de colores _931291 |
||
| 650 |
_aDiseño gráfico _918020 |
||
| 650 |
_aComunicación visual _931292 |
||
| 942 |
_2lcc _cBK _n1 |
||
| 999 |
_c11474 _d11474 |
||